000 00431 a2200133 4500
001 ART_57245
005 20260410161610.0
008 260409a
245 1 0 _aEl proceso de normalización contable y la Norma Unificada Argentina (NUA)
100 1 _aSader, Gustavo
700 1 _aVerón, Carmen S.
700 1 _aWerbin, Eliana M.
773 0 _tProfesional & Empresaria
_g- Año XXIV, Nº 278 (nov. 2022)
_wREV70
999 _c10527
_d10527